Contributions to barometric hypsometry; (Record no. 24550)

MARC details
000 -LEADER
fixed length control field 00622cam a22002051 4500
001 - CONTROL NUMBER
control field gs 07000015
003 - CONTROL NUMBER IDENTIFIER
control field DLC
005 - DATE AND TIME OF LATEST TRANSACTION
control field 20260227111305.0
008 - FIXED-LENGTH DATA ELEMENTS--GENERAL INFORMATION
fixed length control field 890720s1874 mau 000 0 eng c
010 ## - LIBRARY OF CONGRESS CONTROL NUMBER
LC control number gs 07000015
035 ## - SYSTEM CONTROL NUMBER
System control number (OCoLC)20047354
040 ## - CATALOGING SOURCE
Original cataloging agency U.S. Geol. Survey. Libr.
Transcribing agency CPT
Modifying agency CPT
-- DLC
042 ## - AUTHENTICATION CODE
Authentication code premarc
050 00 - LIBRARY OF CONGRESS CALL NUMBER
Classification number QC895
Item number .C2 1874
110 2# - MAIN ENTRY--CORPORATE NAME
Corporate name or jurisdiction name as entry element Geological Survey of California.
245 00 - TITLE STATEMENT
Title Contributions to barometric hypsometry;
Remainder of title with tables for use in California.
260 ## - PUBLICATION, DISTRIBUTION, ETC.
Place of publication, distribution, etc. [Cambridge, Mass.,
Name of publisher, distributor, etc. University Press]
Date of publication, distribution, etc. 1874.
300 ## - PHYSICAL DESCRIPTION
Extent 88 p.
Dimensions 28 cm.
650 #0 - SUBJECT ADDED ENTRY--TOPICAL TERM
Topical term or geographic name entry element Barometric hypsometry.

No items available.

Powered by Koha